<?xml version="1.0" encoding="UTF-8"?>
<record
    xmlns:xsi="http://www.w3.org/2001/XMLSchema-instance"
    xsi:schemaLocation="http://www.loc.gov/MARC21/slim http://www.loc.gov/standards/marcxml/schema/MARC21slim.xsd"
    xmlns="http://www.loc.gov/MARC21/slim">

  <leader>00721cas a2200229 i 4500</leader>
  <controlfield tag="005">20251006132940.0</controlfield>
  <datafield tag="020" ind1=" " ind2=" ">
    <subfield code="a">97899767809932</subfield>
    <subfield code="c">TZS 50,000/=</subfield>
  </datafield>
  <datafield tag="040" ind1=" " ind2=" ">
    <subfield code="a">MCCL</subfield>
    <subfield code="b">eng.</subfield>
    <subfield code="e">AACR 2nd ed.</subfield>
  </datafield>
  <datafield tag="082" ind1=" " ind2=" ">
    <subfield code="a">657 NAT</subfield>
  </datafield>
  <datafield tag="100" ind1=" " ind2=" ">
    <subfield code="a">The National Board of Accountants and Auditors Tanzania (NBAA)</subfield>
  </datafield>
  <datafield tag="245" ind1="1" ind2="0">
    <subfield code="a">C3 Buiness and Corporate Finance</subfield>
    <subfield code="b">: study text- final level/</subfield>
    <subfield code="c">NBAA.</subfield>
  </datafield>
  <datafield tag="250" ind1=" " ind2=" ">
    <subfield code="a">1st ed.</subfield>
  </datafield>
  <datafield tag="260" ind1=" " ind2=" ">
    <subfield code="a">Dar es Salaam</subfield>
    <subfield code="b">National  Board of Accountants and Auditors (NBAA)</subfield>
    <subfield code="c">c2014.</subfield>
  </datafield>
  <datafield tag="300" ind1=" " ind2=" ">
    <subfield code="a">CA. xiv,446P.</subfield>
    <subfield code="b">col .,ill. ;</subfield>
    <subfield code="c">29.6 cm</subfield>
  </datafield>
  <datafield tag="504" ind1=" " ind2=" ">
    <subfield code="a">Include bibliographic index</subfield>
  </datafield>
  <datafield tag="546" ind1=" " ind2=" ">
    <subfield code="a">eng.</subfield>
  </datafield>
  <datafield tag="650" ind1=" " ind2="0">
    <subfield code="a">Accounting</subfield>
  </datafield>
  <datafield tag="650" ind1=" " ind2="0">
    <subfield code="a">Auditing</subfield>
  </datafield>
  <datafield tag="650" ind1=" " ind2="7">
    <subfield code="a">Principle of accounting</subfield>
  </datafield>
  <datafield tag="700" ind1=" " ind2=" ">
    <subfield code="a">NBAA</subfield>
  </datafield>
  <datafield tag="942" ind1=" " ind2=" ">
    <subfield code="c">BK</subfield>
  </datafield>
  <datafield tag="999" ind1=" " ind2=" ">
    <subfield code="c">12103</subfield>
    <subfield code="d">12103</subfield>
  </datafield>
  <datafield tag="952" ind1=" " ind2=" ">
    <subfield code="0">0</subfield>
    <subfield code="1">0</subfield>
    <subfield code="4">0</subfield>
    <subfield code="7">0</subfield>
    <subfield code="a">MU002</subfield>
    <subfield code="b">MU002</subfield>
    <subfield code="d">2017-01-01</subfield>
    <subfield code="l">0</subfield>
    <subfield code="o">650 NAT</subfield>
    <subfield code="p">003153</subfield>
    <subfield code="r">2025-10-06 13:32:12</subfield>
    <subfield code="t">1</subfield>
    <subfield code="w">2025-10-06</subfield>
    <subfield code="y">BK</subfield>
  </datafield>
  <datafield tag="952" ind1=" " ind2=" ">
    <subfield code="0">0</subfield>
    <subfield code="1">0</subfield>
    <subfield code="4">0</subfield>
    <subfield code="7">0</subfield>
    <subfield code="a">MU002</subfield>
    <subfield code="b">MU002</subfield>
    <subfield code="d">2017-01-01</subfield>
    <subfield code="l">0</subfield>
    <subfield code="o">650 NAT</subfield>
    <subfield code="p">003154</subfield>
    <subfield code="r">2025-10-06 13:32:12</subfield>
    <subfield code="t">2</subfield>
    <subfield code="w">2025-10-06</subfield>
    <subfield code="y">BK</subfield>
  </datafield>
  <datafield tag="952" ind1=" " ind2=" ">
    <subfield code="0">0</subfield>
    <subfield code="1">0</subfield>
    <subfield code="4">0</subfield>
    <subfield code="7">0</subfield>
    <subfield code="a">MU002</subfield>
    <subfield code="b">MU002</subfield>
    <subfield code="d">2017-01-01</subfield>
    <subfield code="l">0</subfield>
    <subfield code="o">650 NAT</subfield>
    <subfield code="p">003155</subfield>
    <subfield code="r">2025-10-06 13:32:12</subfield>
    <subfield code="t">3</subfield>
    <subfield code="w">2025-10-06</subfield>
    <subfield code="y">BK</subfield>
  </datafield>
  <datafield tag="952" ind1=" " ind2=" ">
    <subfield code="0">0</subfield>
    <subfield code="1">0</subfield>
    <subfield code="4">0</subfield>
    <subfield code="7">0</subfield>
    <subfield code="a">MU002</subfield>
    <subfield code="b">MU002</subfield>
    <subfield code="d">2017-01-01</subfield>
    <subfield code="l">0</subfield>
    <subfield code="o">650 NAT</subfield>
    <subfield code="p">003156</subfield>
    <subfield code="r">2025-10-06 13:32:12</subfield>
    <subfield code="t">4</subfield>
    <subfield code="w">2025-10-06</subfield>
    <subfield code="y">BK</subfield>
  </datafield>
  <datafield tag="952" ind1=" " ind2=" ">
    <subfield code="0">0</subfield>
    <subfield code="1">0</subfield>
    <subfield code="4">0</subfield>
    <subfield code="7">0</subfield>
    <subfield code="a">MU002</subfield>
    <subfield code="b">MU002</subfield>
    <subfield code="d">2017-01-01</subfield>
    <subfield code="l">0</subfield>
    <subfield code="o">650 NAT</subfield>
    <subfield code="p">003152</subfield>
    <subfield code="r">2025-10-06 13:38:53</subfield>
    <subfield code="t">1</subfield>
    <subfield code="w">2025-10-06</subfield>
    <subfield code="y">BK</subfield>
  </datafield>
</record>
